Shakespeare, bits from the bard : teachers' book /

Bibliographic Details
Main Author: Timm, Norbert
Other Authors: Shakespeare, William, 1564-1616
Format: Book
Language:English
German
Language Notes:In English; teachers' text in German.
Published: Paderborn : Schöningh, [2004]
Series:Discover--Shakespeare plays.
Subjects:

MARC

Tag First Indicator Second Indicator Subfields
LEADER 00000cam a2200000 a 4500
001 in00002497721
005 20151111051830.0
008 041203s2004 gw a b 000 1 eng c
020 |a 3140400977 
020 |a 9783140400978 
035 |a (OCoLC)ocn706505844 
035 |a (OCoLC)706505844 
040 |a TXA  |c TXA  |d TXA  |d UtOrBLW 
041 0 |a eng  |a ger 
042 |a pcc 
043 |a e-gx--- 
049 |a TXAM 
050 4 |a PR2987  |b .T56 2004 Teachers' book 
100 1 |a Timm, Norbert. 
245 1 0 |a Shakespeare, bits from the bard :  |b teachers' book /  |c by Norbert Timm. 
246 1 3 |a Bits from the bard 
246 1 4 |a Discover--Shakespeare: bits from the bard 
264 1 |a Paderborn :  |b Schöningh,  |c [2004] 
264 4 |c ©2004 
300 |a 47 pages :  |b illustrations ;  |c 24 cm. 
336 |a text  |b txt  |2 rdacontent 
337 |a unmediated  |b n  |2 rdamedia 
338 |a volume  |b nc  |2 rdacarrier 
490 1 |a Discover--Shakespeare plays 
546 |a In English; teachers' text in German. 
504 |a Includes bibliographical references (page 10). 
600 1 0 |a Shakespeare, William,  |d 1564-1616  |x Study and teaching (Secondary)  |z Germany. 
600 1 0 |a Shakespeare, William,  |d 1564-1616  |v Quotations. 
700 1 |a Shakespeare, William,  |d 1564-1616.  |t Shakespeare, bits from the bard. 
830 0 |a Discover--Shakespeare plays. 
936 |a PR 76599555 634524334 
948 |a cataloged  |b h  |c 2011/3/23  |d o  |e mwilson  |f 3:08:29 pm 
994 |a C0  |b TXA 
999 |a MARS 
999 f f |s 10cf3b8f-1cac-392b-b579-37145b711ee4  |i ae4534d8-66cd-3a8c-8233-4acd875c372e  |t 0 
952 f f |p normal  |a Texas A&M University  |b College Station  |c Sterling C. Evans Library  |d Evans: Library Stacks  |t 0  |e PR2987 .T56 2004 Teachers' book  |h Library of Congress classification  |i unmediated -- volume  |m A14839475776 
952 f f |p ric  |a Texas A&M University  |b Rellis Campus  |c Joint Library Facility  |d Remote Storage  |t 0  |e PR2987 .T56 2004 Teachers' book  |h Library of Congress classification  |i unmediated -- volume  |m A14839475734 
998 f f |a PR2987 .T56 2004 Teachers' book  |t 0  |l Evans: Library Stacks 
998 f f |a PR2987 .T56 2004 Teachers' book  |t 0  |l Remote Storage